02130nam a2200361Ii 45000010014000000030008000140050017000220060019000390070015000580080041000730200027001140400031001410500022001720720023001940720018002170800010002350820014002451000038002592450113002972500019004102640032004293000057004615040051005185050575005695200314011445880025014586500026014836500039015096500075015486500052016237760019016758560074016949781787696730UtOrBLW20210303084900.0m o d cr un|||||||||181115t20182019enka ob 001 0 eng d a9781787696730 (e-book) aUtOrBLWbengerdacUtOrBLW 4aHF5549b.M64 2018 7aBUS0300002bisacsh 7aKJMV22bicssc a658.304a658.32231 aMoghimi, Seyed Mohammad,eauthor.10aPrinciples and fundamentals of Islamic management /cby Seyed Mohammad Moghimi (University of Tehran, Iran). aFirst edition. 1bEmerald Publishing Limited, a1 online resource (xvii, 279 pages) :billustrations aIncludes bibliographical references and index.0 aPrelims -- Section 1: Introduction of Islamic management -- The concept of organization and management from the Islam point of view -- The process of Islamic management formation and its approaches -- Section 2: Management functions in Islamic management -- Principles of planning in Islamic management -- Decision-making and policy-making in Islamic management -- Principles of organizing in Islamic management -- Human resources management in Islamic management -- Directing in Islamic management -- Organizational control in Islamic management -- References -- Index. aPrinciples and Fundamentals of Islamic Management examines the concept of business and public management from the viewpoint of Islam. Providing a much-needed insight into the practicalities of management operations in an Islamic context, this book is essential reading for researchers, managers, and students.0 aPrint version record 0aPersonnel management. 0aPersonnel management (Islamic law) 7aBusiness & EconomicsxHuman Resources & Personnel Management.2bisacsh 7aPersonnel & human resources management.2bicssc z9781787696747 40uhttps://www.emerald.com/insight/publication/doi/10.1108/9781787696730